The regeneration of Newcastle/Gateshead Quays (Record no. 112329)

MARC details
000 -LEADER
fixed length control field 00608cam a22002055a 4500
001 - CONTROL NUMBER
control field E153018
008 - FIXED-LENGTH DATA ELEMENTS--GENERAL INFORMATION
fixed length control field 110523s2009 xxk f 000 0 eng d
020 ## - INTERNATIONAL STANDARD BOOK NUMBER
International Standard Book Number 97809562283
035 ## - SYSTEM CONTROL NUMBER
System control number (Sirsi) u153018
041 0# - LANGUAGE CODE
Language code of text/sound track or separate title eng
050 04 - LIBRARY OF CONGRESS CALL NUMBER
Classification number 333.33 $2 18
100 1# - MAIN ENTRY--PERSONAL NAME
Personal name Morgan, Eric
245 04 - TITLE STATEMENT
Title The regeneration of Newcastle/Gateshead Quays
260 ## - PUBLICATION, DISTRIBUTION, ETC.
Place of publication, distribution, etc. Newcastle
Name of publisher, distributor, etc. STG
Date of publication, distribution, etc. 2009
300 ## - PHYSICAL DESCRIPTION
Extent 70p.
Other physical details ill.
Dimensions 24cm.
520 ## - SUMMARY, ETC.
Summary, etc. Describes the regeneration of the Newcastle Gateshead Quays area over the last 40 years.
651 #4 - SUBJECT ADDED ENTRY--GEOGRAPHIC NAME
Geographic name Newcastle
690 ## - LOCAL SUBJECT ADDED ENTRY--TOPICAL TERM (OCLC, RLIN)
Topical term or geographic name as entry element BUILT ENVIRONMENT-CONSTRUCTION MANAGEMENT
942 ## - ADDED ENTRY ELEMENTS (KOHA)
Suppress in OPAC 0
Holdings
Withdrawn status Lost status Source of classification or shelving scheme Damaged status Not for loan Home library Current library Shelving location Date acquired Total Checkouts Full call number Barcode Date last seen Copy number Price effective from Koha item type
    Dewey Decimal Classification     London London Books 23/05/2011   333.33 MOR 30076972 06/08/2019 1 06/08/2019 Book